<?xml version="1.0" encoding="UTF-8"?>
<collection xmlns:xsi="http://www.w3.org/2001/XMLSchema-instance" xsi:schemaLocation="http://www.loc.gov/MARC21/slim http://www.loc.gov/standards/marcxml/schema/MARC21slim.xsd" xmlns="http://www.loc.gov/MARC21/slim">
 <record>
  <leader>00000cam a22000003i 4500</leader>
  <controlfield tag="001">UP-1685594773862137361</controlfield>
  <controlfield tag="003">Buklod</controlfield>
  <controlfield tag="005">20181025144132.0</controlfield>
  <controlfield tag="006">g||| |     ||   ||</controlfield>
  <controlfield tag="007">ta</controlfield>
  <controlfield tag="008">181025s1992    nyua    r    |001 0|eng d</controlfield>
  <datafield tag="020" ind1=" " ind2=" ">
   <subfield code="a">0679400079 (hbk)</subfield>
  </datafield>
  <datafield tag="020" ind1=" " ind2=" ">
   <subfield code="a">9780679400073 (hbk)</subfield>
  </datafield>
  <datafield tag="035" ind1=" " ind2=" ">
   <subfield code="a">(iLib)UPBAG-00031871266</subfield>
  </datafield>
  <datafield tag="040" ind1=" " ind2=" ">
   <subfield code="a">DLC</subfield>
   <subfield code="d">BAG</subfield>
   <subfield code="e">rda</subfield>
  </datafield>
  <datafield tag="041" ind1="0" ind2=" ">
   <subfield code="a">eng</subfield>
  </datafield>
  <datafield tag="090" ind1=" " ind2="0">
   <subfield code="a">NX 456</subfield>
   <subfield code="b">A67 1992</subfield>
  </datafield>
  <datafield tag="100" ind1="1" ind2=" ">
   <subfield code="a">Appel, Alfred</subfield>
   <subfield code="d">1934-</subfield>
   <subfield code="e">author.</subfield>
  </datafield>
  <datafield tag="245" ind1="1" ind2="4">
   <subfield code="a">The art of celebration</subfield>
   <subfield code="b">twentieth-century painting, literature, sculpture, photography, and jazz</subfield>
   <subfield code="c">Alfred Appel, Jr.</subfield>
  </datafield>
  <datafield tag="264" ind1=" " ind2="1">
   <subfield code="a">New York</subfield>
   <subfield code="b">Alfred A. Knopf, Inc.</subfield>
   <subfield code="c">1992.</subfield>
  </datafield>
  <datafield tag="300" ind1=" " ind2=" ">
   <subfield code="a">viii, 246 pages</subfield>
   <subfield code="b">illustrations (some color)</subfield>
   <subfield code="c">26 cm</subfield>
  </datafield>
  <datafield tag="336" ind1=" " ind2=" ">
   <subfield code="a">text</subfield>
   <subfield code="2">rdacontent</subfield>
  </datafield>
  <datafield tag="337" ind1=" " ind2=" ">
   <subfield code="a">unmediated</subfield>
   <subfield code="2">rdamedia</subfield>
  </datafield>
  <datafield tag="338" ind1=" " ind2=" ">
   <subfield code="a">volume</subfield>
   <subfield code="2">rdacarrier</subfield>
  </datafield>
  <datafield tag="500" ind1=" " ind2=" ">
   <subfield code="a">&quot;A Borzoi book.&quot;</subfield>
  </datafield>
  <datafield tag="500" ind1=" " ind2=" ">
   <subfield code="a">Includes index.</subfield>
  </datafield>
  <datafield tag="505" ind1="0" ind2=" ">
   <subfield code="a">The City Meets the Country -- The First Dance -- The Jungle -- The Basic Beat -- The Cusp -- Genesis -- The Retreat -- The Secular Church -- Flight -- The End of the World -- Visual Aid -- The Game versus the Frame -- The Breakfast -- Art and Decoration -- Yellow Uber Alles -- Common Ground -- The Democratic Eye, Ear, and Nose -- Honest Brightness -- Brightness Hangs Tough -- The Apotheosis of the Vernacular -- The Museum -- The City Regained -- The City and Town Pulsate -- Early in Art History -- More Than a Rock -- The Flowering Pair -- The Amorous Peppers -- Dublin Man Gives Birth to Octuplets -- The City Meets the Cathedral Sky -- The Overview -- The Rut -- The Wheel and the Lamp -- The Flowering Crane -- Men at Work -- Art History Comes to Life -- The New Vision -- On the Run -- Homo Ludens -- The Summit -- High Modern Breeze -- Liberty.</subfield>
  </datafield>
  <datafield tag="650" ind1=" " ind2="0">
   <subfield code="a">Arts, Modern</subfield>
   <subfield code="y">20th century.</subfield>
  </datafield>
  <datafield tag="905" ind1=" " ind2=" ">
   <subfield code="a">FO</subfield>
  </datafield>
  <datafield tag="852" ind1="0" ind2=" ">
   <subfield code="a">UPBAG</subfield>
   <subfield code="b">UPBAG-MAIN</subfield>
   <subfield code="h">NX 456 A67 1992</subfield>
  </datafield>
  <datafield tag="942" ind1=" " ind2=" ">
   <subfield code="a">Book</subfield>
  </datafield>
 </record>
</collection>
